| 000 | 00498nam a22002057a 4500 | ||
|---|---|---|---|
| 001 | 22217 | ||
| 005 | 20260410120917.0 | ||
| 008 | 260410b |||||||| |||| 00| 0 spa d | ||
| 041 | _aESP | ||
| 082 |
_a345.733 _bG67 |
||
| 100 |
_aGonzales Barrón, Gunther Hernán _eAUT |
||
| 245 |
_aDerecho notarial : _btemas actuales |
||
| 260 |
_a : _b , _c2011 |
||
| 300 |
_a256 páginas : _b ; _c24 cm. |
||
| 440 | _a ; | ||
| 650 | _aDER | ||
| 654 | _aCDE | ||
| 700 | _a; | ||
| 942 |
_cLIB _dJUS _fJUS _n0 _2ddc |
||
| 999 |
_c22217 _d22217 |
||